[Event "36th ECC Open 2021"]
[Site "Struga MKD"]
[Date "2021.09.22"]
[Round "5.16"]
[Board "3"]
[White "Bucher, Grant W"]
[Black "Bajraktari, Perparim"]
[Result "1/2-1/2"]
[WhiteElo "2114"]
[BlackElo "2196"]
[WhiteTeam "Sussex Martlets"]
[BlackTeam "Drejtesia"]
[WhiteFideId "413810"]
[BlackFideId "1307711"]
[EventDate "2021.09.18"]
[EventType "team"]

1. e4 g6 2. d4 d6 3. Nf3 Bg7 4. Be2 Nf6 5. Nc3 c6 6. a4 O-O 7. O-O a5 8. Be3 Qc7
9. h3 Na6 10. d5 Nb4 11. Nd4 Bd7 12. Bf3 Rac8 13. Qe2 h6 14. Rad1 Be8 15. Rfe1
Nd7 16. Bg4 h5 17. Bxd7 Bxd7 18. Bg5 Rfe8 19. Kh1 Kh7 20. Nf5 Bxf5 21. exf5 cxd5
22. fxg6+ fxg6 23. Nxd5 Nxd5 24. Rxd5 Qxc2 25. Rxa5 e5 26. Be3 Red8 27. Qxc2
Rxc2 28. Rb5 Rd7 29. Rd1 Kg8 30. b4 Kf7 31. a5 Rb2 32. Rbd5 Ke6 33. b5 Ra2 34.
Bb6 g5 35. Kh2 Bf8 36. Kg3 Rf7 37. Be3 Be7 38. b6 Ra4 39. Rb5 Rg7 40. Kf3 Rg8
41. Rc1 d5 42. Rc7 Rb8 43. Ke2 d4 44. Bd2 e4 45. Bxg5 Bxg5 46. Rxg5 Ra2+ 47. Ke1
Ra1+ 48. Kd2 Ra2+ 49. Ke1 Ra1+ 1/2-1/2

[Event "36th ECC Open 2021"]
[Site "Struga MKD"]
[Date "2021.09.22"]
[Round "5.16"]
[Board "4"]
[White "Asllani, Muhamet"]
[Black "Grant, David J"]
[Result "1/2-1/2"]
[WhiteElo "2225"]
[BlackElo "2074"]
[WhiteTeam "Drejtesia"]
[BlackTeam "Sussex Martlets"]
[WhiteFideId "22100300"]
[BlackFideId "403717"]
[EventDate "2021.09.18"]
[EventType "team"]

1. e4 e5 2. d4 exd4 3. Nf3 Nc6 4. Bc4 Nf6 5. O-O Nxe4 6. Re1 d5 7. Bxd5 Qxd5 8.
Nc3 Qd7 9. Nxe4 Be7 10. Bg5 O-O 11. Bxe7 Qxe7 12. Nxd4 Bd7 13. Nb5 Rad8 14. Qh5
Ne5 15. Ng3 f6 16. Nd4 g6 17. Qe2 Qc5 18. c3 Qb6 19. Rad1 c5 20. Nb3 Bb5 21. Qc2
Ba4 22. c4 Rd4 23. Ne4 Rxc4 24. Nc3 Bc6 25. h3 Rh4 26. Ne4 c4 27. Nbd2 Kg7 28.
Qc3 Rf4 29. Re3 Bxe4 30. Nxe4 Nd3 31. Qxc4 Nxf2 32. Rd7+ Kh6 33. Qc5 Qxc5 34.
Nxc5 Rc8 35. Ne6 Rc1+ 36. Kh2 Rg4 37. hxg4 Nxg4+ 38. Kg3 Nxe3 39. Nf8 Nf5+ 40.
Kf2 Rc2+ 41. Kf3 Nh4+ 42. Kg4 Rxg2+ 43. Kxh4 Rh2+ 44. Kg4 f5+ 45. Kf4 Rf2+ 46.
Ke5 Rxb2 47. Rxh7+ Kg5 48. Rg7 Rb5+ 49. Kd4 Rb6 50. Nd7 Rb2 51. Ne5 Rb6 52. Nc4
Rb1 53. Kc3 f4 54. Kc2 Rb4 55. Kc3 Rb1 56. Kd3 Kf6 57. Rg8 g5 58. Nd2 Rg1 59.
Rb8 b6 60. Ra8 Rg3+ 61. Kd4 Ra3 62. Rg8 1/2-1/2

[Event "36th ECC Open 2021"]
[Site "Struga MKD"]
[Date "2021.09.22"]
[Round "5.16"]
[Board "5"]
[White "Blake, J Morgan"]
[Black "Zymberi, Astrit"]
[Result "1/2-1/2"]
[WhiteElo "2006"]
[BlackElo "2107"]
[WhiteTeam "Sussex Martlets"]
[BlackTeam "Drejtesia"]
[WhiteFideId "423394"]
[BlackFideId "4700295"]
[EventDate "2021.09.18"]
[EventType "team"]

1. d4 Nf6 2. Nf3 g6 3. Nbd2 Bg7 4. e4 d6 5. Bc4 O-O 6. Qe2 c6 7. Bb3 Nh5 8. Nf1
e5 9. dxe5 dxe5 10. Bg5 Qc7 11. O-O-O h6 12. Be3 Nf4 13. Qd2 Nxg2 14. Bxh6 Nf4
15. Bxg7 Kxg7 16. Ne3 Na6 17. Kb1 Nc5 18. Nc4 f6 19. h4 Bg4 20. Qe3 Nce6 21. h5
Bxh5 22. Nd6 Rh8 23. Rhg1 Kf8 24. Bxe6 Nxe6 25. Nh4 Nf4 26. Rd2 Rd8 27. Qxa7 Rh7
28. Qa3 Kg8 29. Qb3+ Kf8 30. Qa3 Kg8 31. Qb3+ Kf8 32. Qa3 1/2-1/2

[Event "36th ECC Open 2021"]
[Site "Struga MKD"]
[Date "2021.09.22"]
[Round "5.16"]
[Board "6"]
[White "Bahtiri, Sabri"]
[Black "Walker, Samuel A"]
[Result "1-0"]
[WhiteElo "2010"]
[BlackElo "2048"]
[WhiteTeam "Drejtesia"]
[BlackTeam "Sussex Martlets"]
[WhiteFideId "3600114"]
[BlackFideId "412813"]
[EventDate "2021.09.18"]
[EventType "team"]

1. e4 c5 2. Nf3 Nc6 3. d4 cxd4 4. Nxd4 Nf6 5. Nc3 e5 6. Nb3 Bb4 7. Bg5 h6 8.
Bxf6 Bxc3+ 9. bxc3 Qxf6 10. Bc4 O-O 11. Qd2 d6 12. Rd1 Be6 13. Bxe6 fxe6 14. O-O
Rad8 15. c4 Ne7 16. Qe2 Ng6 17. g3 Qg5 18. Kh1 h5 19. Rd3 Rf7 20. h4 Qg4 21.
Qxg4 hxg4 22. Kg2 Nf8 23. Rfd1 Rfd7 24. Na5 Kf7 25. c5 Rc8 26. Rxd6 Rxd6 27.
cxd6 Ke8 28. Nxb7 Rxc2 29. Rd3 Rxa2 30. Rc3 Rb2 31. Rc7 Nd7 32. Rc8+ Kf7 33.
Nd8+ Kf6 34. Rc7 Nb6 35. Re7 g5 36. h5 Nc4 37. Rf7# 1-0

[Event "36th ECC Open 2021"]
[Site "Struga MKD"]
[Date "2021.09.22"]
[Round "5.17"]
[Board "1"]
[White "Stefanovski, Dushan"]
[Black "Elsness, Frode"]
[Result "0-1"]
[WhiteTitle "FM"]
[BlackTitle "IM"]
[WhiteElo "2222"]
[BlackElo "2467"]
[WhiteTeam "Gostivar"]
[BlackTeam "Baerum Schakselskap"]
[WhiteFideId "15000320"]
[BlackFideId "1501100"]
[EventDate "2021.09.18"]
[EventType "team"]

1. e4 e5 2. Nf3 Nc6 3. Bb5 a6 4. Bxc6 dxc6 5. Nc3 f6 6. d4 exd4 7. Qxd4 Qxd4 8.
Nxd4 Bd7 9. Be3 O-O-O 10. O-O-O Ne7 11. Nb3 b6 12. Ne2 Ng6 13. Nf4 Re8 14. Nxg6
hxg6 15. Nd2 g5 16. h3 Be6 17. Kb1 Bd6 18. f3 c5 19. Rhe1 Kb7 20. Nf1 Kc6 21.
Bf2 g6 22. Bg3 f5 23. b3 f4 24. Bf2 b5 25. c3 a5 26. Re2 a4 27. Rb2 axb3 28.
axb3 Ra8 29. Kc2 Be5 30. Nd2 Ra3 31. Nb1 Ra1 32. b4 cxb4 33. Bd4 b3+ 34. Kc1
Bxd4 35. cxd4 Bc4 36. Kd2 b4 37. Ke1 Ra2 38. Rf2 Kb5 39. d5 Rc2 40. Nd2 Ra8 41.
Nb1 Rxf2 42. Kxf2 Ra2+ 43. Kg1 Be2 44. Re1 Bd3 45. e5 Bxb1 46. Rxb1 b2 47. Kh2
Kc4 48. d6 cxd6 49. exd6 0-1

[Event "36th ECC Open 2021"]
[Site "Struga MKD"]
[Date "2021.09.22"]
[Round "5.17"]
[Board "2"]
[White "Mihajlov, Sebastian"]
[Black "Organdziev, Oliver"]
[Result "0-1"]
[WhiteTitle "IM"]
[BlackTitle "FM"]
[WhiteElo "2381"]
[BlackElo "2249"]
[WhiteTeam "Baerum Schakselskap"]
[BlackTeam "Gostivar"]
[WhiteFideId "1512110"]
[BlackFideId "15000419"]
[EventDate "2021.09.18"]
[EventType "team"]

1. e4 e5 2. Nf3 Nc6 3. d4 exd4 4. Nxd4 d5 5. Bb5 dxe4 6. O-O Bd7 7. Nc3 Nf6 8.
Bxc6 bxc6 9. Qe2 Be7 10. Nxe4 O-O 11. Nxf6+ Bxf6 12. Be3 c5 13. Nb3 Bxb2 14.
Rad1 Qc8 15. Nxc5 Bf5 16. f3 Be6 17. Bd4 Bxd4+ 18. Rxd4 Re8 19. Qd2 Qb8 20. Nxe6
Rxe6 21. Rd1 Qb6 22. Kh1 Rae8 23. h3 h6 24. Rd8 Qc5 25. Qd5 Qxc2 26. Rd2 Qc1+
27. Kh2 Rxd8 28. Qxd8+ Kh7 29. Qd3+ g6 30. Qd7 Rf6 31. Qd8 Rd6 32. Qf8 Qc4 33.
Rxd6 cxd6 34. a4 a5 35. Kg3 Qe6 36. Kf2 g5 37. g4 Qd7 38. Ke3 Qe6+ 39. Kf2 Qf6
40. Kg2 Qf4 41. Kf2 d5 42. Kg2 Qc7 43. Qe8 Kg7 44. Qb5 d4 45. Qd5 Qc2+ 46. Kg3
Qxa4 47. Qe5+ Kg8 48. Qb8+ Kh7 49. Qe5 Qb4 50. Qe4+ Kg8 0-1

[Event "36th ECC Open 2021"]
[Site "Struga MKD"]
[Date "2021.09.22"]
[Round "5.17"]
[Board "3"]
[White "Miljkovic, Mihajlo"]
[Black "Lobersli, Henrik Oie"]
[Result "1-0"]
[WhiteElo "2217"]
[BlackElo "1987"]
[WhiteTeam "Gostivar"]
[BlackTeam "Baerum Schakselskap"]
[WhiteFideId "922757"]
[BlackFideId "1511947"]
[EventDate "2021.09.18"]
[EventType "team"]

1. d4 Nf6 2. c4 e6 3. Nc3 Bb4 4. Qc2 O-O 5. e4 d5 6. e5 Ne4 7. Bd3 c5 8. cxd5
exd5 9. Ne2 Nc6 10. O-O Bf5 11. f3 Nxc3 12. bxc3 Bxd3 13. Qxd3 Ba5 14. Ba3 Bb6
15. f4 Qe7 16. Qf3 Rad8 17. Qf2 Na5 18. dxc5 Nc4 19. cxb6 Qxa3 20. bxa7 Ra8 21.
Rfd1 Rfd8 22. Nd4 Qxa7 23. Nb5 Qxf2+ 24. Kxf2 Ra5 25. a4 g5 26. g3 Kg7 27. Rd4
Kg6 28. Kf3 h5 29. h3 g4+ 30. hxg4 hxg4+ 31. Kxg4 Ne3+ 32. Kf3 Nc2 33. f5+ Kxf5
34. Rf4+ Kxe5 35. Rc1 Rxb5 36. axb5 Na3 37. Rxf7 Nxb5 38. Rxb7 Nd6 39. Re7+ Kf6
40. Ree1 Ne4 41. Rxe4 dxe4+ 42. Kxe4 1-0

[Event "36th ECC Open 2021"]
[Site "Struga MKD"]
[Date "2021.09.22"]
[Round "5.17"]
[Board "4"]
[White "Darnell, Anton"]
[Black "Dinev, Dejan"]
[Result "0-1"]
[BlackTitle "FM"]
[WhiteElo "2006"]
[BlackElo "2204"]
[WhiteTeam "Baerum Schakselskap"]
[BlackTeam "Gostivar"]
[WhiteFideId "1720244"]
[BlackFideId "15000095"]
[EventDate "2021.09.18"]
[EventType "team"]

1. d4 d5 2. Nf3 Nf6 3. Bf4 e6 4. e3 Bd6 5. Bg3 Bxg3 6. hxg3 c5 7. c3 Nbd7 8.
Nbd2 Qc7 9. Bd3 b6 10. Qe2 Bb7 11. e4 dxe4 12. Nxe4 Nxe4 13. Bxe4 h6 14. g4
O-O-O 15. Bxb7+ Kxb7 16. a4 a6 17. g3 Ka7 18. Kf1 cxd4 19. Nxd4 e5 20. Nc2 Nc5
21. Kg2 Qb7+ 22. Kh2 Ne4 23. Rhd1 Ng5 24. Ne1 e4 25. Rxd8 Rxd8 26. Rd1 Rd7 27.
Nc2 Nf3+ 28. Kg2 Rd3 29. Nd4 Nxd4 30. cxd4 Qd5 31. Rxd3 exd3+ 32. Qf3 Qxd4 33.
Qxf7+ Kb8 34. Qe8+ Kc7 35. Qe7+ Kc6 36. Qe8+ Kc5 37. Qe7+ Kc4 38. Kf1 d2 39.
Qe6+ Kb4 40. Qe7+ Kb3 41. Qe6+ Kxb2 0-1

[Event "36th ECC Open 2021"]
[Site "Struga MKD"]
[Date "2021.09.22"]
[Round "5.17"]
[Board "5"]
[White "Stojkoski, Acko"]
[Black "Hestvik, Elias"]
[Result "1/2-1/2"]
[WhiteElo "2104"]
[BlackElo "1860"]
[WhiteTeam "Gostivar"]
[BlackTeam "Baerum Schakselskap"]
[WhiteFideId "15004260"]
[BlackFideId "1534904"]
[EventDate "2021.09.18"]
[EventType "team"]

1. e4 c5 2. Nf3 Nc6 3. d4 cxd4 4. Nxd4 g6 5. Nxc6 bxc6 6. Bd2 Bg7 7. Bc3 Nf6 8.
Bd3 O-O 9. O-O d5 10. exd5 cxd5 11. Be5 Qb6 12. Nd2 Ba6 13. c4 dxc4 14. Nxc4 Qe6
15. Qe2 Rfd8 16. Bxf6 Qxf6 17. b3 Bb7 18. Rae1 Rd4 19. Bb1 Qg5 20. f3 Rh4 21. g3
Bd4+ 22. Kg2 Bc8 23. g4 Be6 24. Be4 Rc8 25. h3 h5 26. Qd2 Qxd2+ 27. Nxd2 hxg4
28. hxg4 Kg7 29. Rh1 Rxh1 30. Kxh1 Rh8+ 31. Kg2 Bc3 32. Re2 f5 33. Bb1 Kf7 34.
Nf1 fxg4 35. Bxg6+ Kf6 36. f4 Bd5+ 37. Be4 Be6 38. Ne3 Rd8 39. f5 Bc8 40. Nd5+
Rxd5 41. Bxd5 Bxf5 42. Be4 e6 43. Bb7 1/2-1/2

[Event "36th ECC Open 2021"]
[Site "Struga MKD"]
[Date "2021.09.22"]
[Round "5.17"]
[Board "6"]
[White "Bjugn, Gisle"]
[Black "Vladimirov, Vladimir MKD"]
[Result "0-1"]
[WhiteElo "1867"]
[BlackElo "2169"]
[WhiteTeam "Baerum Schakselskap"]
[BlackTeam "Gostivar"]
[WhiteFideId "1516752"]
[BlackFideId "15001040"]
[EventDate "2021.09.18"]
[EventType "team"]

1. d4 d6 2. Bf4 g6 3. e3 Bg7 4. Nf3 Nc6 5. c3 Bg4 6. Be2 e5 7. dxe5 dxe5 8.
Qxd8+ Rxd8 9. Bg3 Nge7 10. h3 Bf5 11. Nbd2 O-O 12. Nc4 f6 13. Rd1 Rxd1+ 14. Bxd1
Rd8 15. Bb3 Kf8 16. O-O b5 17. Na3 a6 18. Rd1 Rxd1+ 19. Bxd1 Be6 20. Bb3 Kf7 21.
Nd2 Nf5 22. Bh2 Bf8 23. Bxe6+ Kxe6 24. Nc2 Nd6 25. f3 a5 26. b3 Ne7 27. c4 bxc4
28. bxc4 Nc6 29. Kf2 Nb7 30. Ke2 Nc5 31. Bg1 Na4 32. Kd3 Bc5 33. Nb3 Bb6 34. Kd2
f5 35. f4 exf4 36. Ncd4+ Nxd4 37. exd4 c6 38. Kc2 Bd8 39. c5 Kd5 40. Nd2 f3 41.
Nxf3 Kc4 42. Ne5+ Kb5 43. Kb3 Bf6 44. Nc4 Nxc5+ 45. dxc5 a4+ 46. Ka3 Kxc4 47.
Kxa4 Bc3 48. a3 h5 49. Be3 Be1 50. h4 Bc3 51. Bf2 Bd2 52. g3 Bc1 53. Ka5 Bxa3
54. Kb6 Kd5 55. Be3 Bb2 56. Bf2 Bf6 57. Kc7 Be7 58. Kb6 g5 0-1

[Event "36th ECC Open 2021"]
[Site "Struga MKD"]
[Date "2021.09.22"]
[Round "5.18"]
[Board "1"]
[White "Bosboom, Manuel"]
[Black "Reizniece-Ozola, Dana"]
[Result "1-0"]
[WhiteTitle "IM"]
[BlackTitle "WGM"]
[WhiteElo "2395"]
[BlackElo "2283"]
[WhiteTeam "En Passant"]
[BlackTeam "Wasa SK"]
[WhiteFideId "1000080"]
[BlackFideId "11601124"]
[EventDate "2021.09.18"]
[EventType "team"]

1. c4 Nf6 2. b3 g6 3. Bb2 Bg7 4. Qc2 O-O 5. Nf3 c5 6. e3 Nc6 7. a3 d6 8. Be2 e5
9. d3 Ne8 10. Nc3 f5 11. Nd5 Nf6 12. Nxf6+ Bxf6 13. O-O Qe7 14. Nd2 Be6 15. Bf3
Rad8 16. Rfe1 Qf7 17. Rad1 g5 18. g3 e4 19. Bxf6 Qxf6 20. Bg2 exd3 21. Qxd3 Ne5
22. Qe2 Qh6 23. f4 Ng4 24. Nf3 gxf4 25. exf4 Rfe8 26. Nh4 b5 27. cxb5 Bxb3 28.
Qb2 Bf7 29. h3 Qf6 30. Qxf6 Rxe1+ 31. Rxe1 Nxf6 32. Nxf5 Kf8 33. a4 d5 34. Rc1
d4 35. Rxc5 d3 36. Bf3 Bb3 37. Rc6 Ne8 38. Ra6 d2 39. Rxa7 d1=Q+ 40. Bxd1 Rxd1+
41. Kf2 Be6 42. Ne3 Rd4 43. b6 Rb4 44. a5 h5 45. f5 Bc8 46. g4 hxg4 47. hxg4 Nd6
48. Kg3 Ne4+ 49. Kf4 Nc5+ 50. Ke5 Bb7 51. Kd6 Rb5 52. Rxb7 Nxb7+ 53. Kc6 Rxa5
54. Kxb7 Re5 55. Nc4 Re4 56. Nd6 Rxg4 57. Kc6 Rb4 58. b7 Ke7 59. Nb5 1-0

[Event "36th ECC Open 2021"]
[Site "Struga MKD"]
[Date "2021.09.22"]
[Round "5.18"]
[Board "2"]
[White "Cramling, Dan"]
[Black "De Graaf, Dick"]
[Result "1-0"]
[WhiteTitle "IM"]
[WhiteElo "2292"]
[BlackElo "2076"]
[WhiteTeam "Wasa SK"]
[BlackTeam "En Passant"]
[WhiteFideId "1700162"]
[BlackFideId "1005677"]
[EventDate "2021.09.18"]
[EventType "team"]

1. d4 Nf6 2. c4 d6 3. Nc3 g6 4. e4 Bg7 5. h3 e5 6. d5 a5 7. Bg5 h6 8. Be3 Na6 9.
Nf3 Nh5 10. g3 Bd7 11. a3 O-O 12. Nd2 Nf6 13. Bd3 Ne8 14. g4 c6 15. Rb1 Nc5 16.
Bc2 cxd5 17. cxd5 b5 18. b4 axb4 19. axb4 Na6 20. Bd3 f5 21. exf5 gxf5 22. Bxf5
Bxf5 23. gxf5 Qc8 24. Nde4 Nf6 25. Nxf6+ Rxf6 26. Ne4 Qxf5 27. Nxf6+ Qxf6 28.
Ra1 e4 29. Rg1 Kh8 30. Ra3 Qb2 31. Rb3 Qa1 32. Qxa1 Bxa1 33. Ke2 Be5 34. Ra3 Kh7 1-0

[Event "36th ECC Open 2021"]
[Site "Struga MKD"]
[Date "2021.09.22"]
[Round "5.18"]
[Board "3"]
[White "Van Twillert, Laurents"]
[Black "Nordstrom, Felix"]
[Result "1-0"]
[WhiteTitle "CM"]
[BlackTitle "FM"]
[WhiteElo "2082"]
[BlackElo "2083"]
[WhiteTeam "En Passant"]
[BlackTeam "Wasa SK"]
[WhiteFideId "1009800"]
[BlackFideId "1701509"]
[EventDate "2021.09.18"]
[EventType "team"]

1. e4 c5 2. Nf3 d6 3. Bb5+ Bd7 4. Bxd7+ Qxd7 5. O-O Nc6 6. c3 Nf6 7. Re1 e6 8.
d4 cxd4 9. cxd4 d5 10. e5 Ne4 11. Nbd2 Nxd2 12. Bxd2 Be7 13. a3 O-O 14. Rc1 Rac8
15. Rc3 a6 16. Rd3 f5 17. exf6 Bxf6 18. Bg5 h6 19. Bd2 Rfe8 20. Ne5 Bxe5 21.
dxe5 Ne7 22. Qh5 Rf8 23. Qh3 Nf5 24. g4 Ne7 25. f4 Rc4 26. Qg3 Rfc8 27. Rf1 Re4
28. Bc3 Rcc4 29. h3 d4 30. Bd2 Qd5 31. f5 Qxe5 32. Bf4 Qd5 33. f6 gxf6 34. Bxh6
Rc2 35. Rd2 Rxd2 36. Bxd2 Re2 37. Bb4 Nc6 38. Rxf6 Nxb4 39. Qb8+ 1-0

[Event "36th ECC Open 2021"]
[Site "Struga MKD"]
[Date "2021.09.22"]
[Round "5.18"]
[Board "4"]
[White "Wenzel, Birger"]
[Black "Reichardt, Robin"]
[Result "1/2-1/2"]
[WhiteElo "1974"]
[BlackElo "2051"]
[WhiteTeam "Wasa SK"]
[BlackTeam "En Passant"]
[WhiteFideId "4657497"]
[BlackFideId "1051067"]
[EventDate "2021.09.18"]
[EventType "team"]

1. Nf3 d5 2. g3 Nf6 3. Bg2 c6 4. d4 h6 5. c4 Bf5 6. Nc3 e6 7. Qb3 Qc8 8. Bf4 Be7
9. Rc1 Nbd7 10. cxd5 exd5 11. Ne5 Be6 12. O-O O-O 13. Qc2 Nxe5 14. Bxe5 Bf5 15.
Qd2 Qd7 16. Bxf6 Bxf6 17. Rfd1 Rfe8 18. e3 Bh3 19. b4 Bxg2 20. Kxg2 Be7 21. Rb1
a6 22. Na4 Qf5 23. Qd3 Qxd3 24. Rxd3 Bf8 25. h4 f6 26. h5 Kf7 27. g4 b5 28. Nc5
Bxc5 29. dxc5 Re4 30. f3 Rc4 31. Rb2 a5 32. Ra3 a4 33. Kg3 Re8 34. Rd3 1/2-1/2

[Event "36th ECC Open 2021"]
[Site "Struga MKD"]
[Date "2021.09.22"]
[Round "5.18"]
[Board "5"]
[White "Reichardt, Jasper"]
[Black "Andric, Jelena"]
[Result "1/2-1/2"]
[BlackTitle "WFM"]
[WhiteElo "1977"]
[BlackElo "2056"]
[WhiteTeam "En Passant"]
[BlackTeam "Wasa SK"]
[WhiteFideId "1046578"]
[BlackFideId "919853"]
[EventDate "2021.09.18"]
[EventType "team"]

1. c4 e5 2. Nc3 f5 3. g3 Nf6 4. Bg2 Nc6 5. e3 Bb4 6. Nge2 Bxc3 7. Nxc3 O-O 8.
O-O d6 9. d4 Qe8 10. Rb1 a5 11. b3 Bd7 12. a3 Kh8 13. b4 axb4 14. axb4 Qf7 15.
d5 Ne7 16. b5 b6 17. Bd2 g5 18. f4 gxf4 19. gxf4 Rg8 20. Kh1 Ng6 21. Bh3 exf4
22. exf4 Qg7 23. Rg1 Qh6 24. Qf3 Rg7 25. Ne2 Nh4 26. Qc3 Ne4 27. Qxg7+ Qxg7 28.
Rxg7 Nf2+ 29. Kg1 Nxh3+ 30. Kf1 Kxg7 31. Rb3 Ra1+ 32. Be1 Rxe1+ 33. Kxe1 Ng2+
34. Kd2 Ngxf4 35. Nd4 Ng5 36. Ra3 Ne4+ 37. Ke3 Ng6 38. Ra7 Kf6 39. Rxc7 Nc5 40.
Nf3 f4+ 41. Kd4 Ne5 42. Nd2 Kf5 43. h3 h5 44. Ra7 Kg5 45. Ra6 Nxa6 46. bxa6 Bc8
47. a7 Bb7 48. Ne4+ Kh4 49. Nxd6 Nc6+ 50. Ke4 Ba8 51. dxc6 Bxc6+ 52. Kxf4 Kxh3
53. Nf5 Kg2 54. Kg5 Kf1 55. Ne7 Bb7 56. Nd5 Ke2 57. Nxb6 Kd3 58. Nc8 Kd4 59.
Kxh5 Bf3+ 60. Kg5 Kxc4 1/2-1/2

[Event "36th ECC Open 2021"]
[Site "Struga MKD"]
[Date "2021.09.22"]
[Round "5.18"]
[Board "6"]
[White "Eriksson, Lennarth"]
[Black "Reichardt, Thomas"]
[Result "1-0"]
[WhiteElo "1941"]
[BlackElo "1793"]
[WhiteTeam "Wasa SK"]
[BlackTeam "En Passant"]
[WhiteFideId "1707736"]
[BlackFideId "1046586"]
[EventDate "2021.09.18"]
[EventType "team"]

1. Nf3 Nf6 2. d4 d6 3. g3 g6 4. Bg2 Nbd7 5. O-O Bg7 6. b3 O-O 7. Bb2 Re8 8. Re1
c6 9. e4 Qc7 10. Nbd2 c5 11. d5 Nxe4 12. Bxg7 Nxd2 13. Bb2 Nxf3+ 14. Qxf3 Ne5
15. Qe2 f6 16. h3 Bd7 17. f4 Nf7 18. Qf3 c4 19. Bd4 Rac8 20. c3 Nh6 21. g4 Kf7
22. Qg3 Kg7 23. Qh4 Qd8 24. Re3 Ng8 25. Rae1 Rf8 26. f5 Rf7 27. Be4 Qf8 28. fxg6
hxg6 29. Qg5 e5 30. dxe6 Bxe6 31. Bxg6 1-0

[Event "36th ECC Open 2021"]
[Site "Struga MKD"]
[Date "2021.09.22"]
[Round "5.19"]
[Board "1"]
[White "Sorensen, Hampus"]
[Black "Vogel, Constantin"]
[Result "1-0"]
[WhiteTitle "FM"]
[WhiteElo "2383"]
[BlackElo "2149"]
[WhiteTeam "Team Pelaro Alingsas"]
[BlackTeam "St Benildus"]
[WhiteFideId "8703884"]
[BlackFideId "12960071"]
[EventDate "2021.09.18"]
[EventType "team"]

1. d4 Nf6 2. c4 e6 3. Nc3 Bb4 4. e3 O-O 5. Bd2 b6 6. Bd3 Bb7 7. Nf3 d5 8. cxd5
exd5 9. O-O Re8 10. Rc1 a6 11. Ne5 Bd6 12. f4 c5 13. Be1 Ne4 14. Nxe4 dxe4 15.
Nxf7 Kxf7 16. Bc4+ Kf8 17. Qh5 Qc7 18. Qf5+ 1-0

[Event "36th ECC Open 2021"]
[Site "Struga MKD"]
[Date "2021.09.22"]
[Round "5.19"]
[Board "2"]
[White "Putar, Leon"]
[Black "Andreasson, Ingvar"]
[Result "0-1"]
[WhiteElo "1918"]
[BlackElo "2331"]
[WhiteTeam "St Benildus"]
[BlackTeam "Team Pelaro Alingsas"]
[WhiteFideId "14546612"]
[BlackFideId "1700294"]
[EventDate "2021.09.18"]
[EventType "team"]

1. e4 d6 2. d4 Nf6 3. Nc3 g6 4. f4 Bg7 5. Nf3 O-O 6. Bd3 Na6 7. Be3 c5 8. Qe2
cxd4 9. Bxd4 Nb4 10. Bc4 Nc6 11. Be3 a6 12. O-O-O Qc7 13. Rhe1 Bg4 14. Bb3 b5
15. Bd4 Nxd4 16. Rxd4 Qa7 17. e5 Bxf3 18. Qd2 Bc6 19. exf6 Bxf6 20. Rd3 Kg7 21.
g4 h6 22. Bd5 b4 23. Ne4 Bxd5 24. Rxd5 a5 25. g5 hxg5 26. Nxf6 exf6 27. fxg5
fxg5 28. Rxd6 Rae8 29. h3 Rxe1+ 30. Qxe1 Qc5 31. Rd7 Qf5 32. Rd3 Rh8 33. b3 Rh4
34. Qe2 Rf4 35. Rd1 Re4 36. Qg2 Qe5 37. Kb1 Re1 38. Qd2 Re2 39. Qd3 Re3 40. Qf1
Qf4 41. Qg2 Rg3 42. Qe2 Rxh3 43. Rf1 Re3 44. Qg2 Qg3 45. Qd2 Qe5 46. Qf2 Qe7 47.
Qd2 Re4 48. Qd1 g4 49. Qd2 g3 50. Rh1 Rh4 51. Rg1 Qe4 52. Rf1 Rh1 53. Qd1 Rxf1
54. Qxf1 Qe3 0-1

[Event "36th ECC Open 2021"]
[Site "Struga MKD"]
[Date "2021.09.22"]
[Round "5.19"]
[Board "3"]
[White "Agrest, Inna"]
[Black "Healy, John"]
[Result "1-0"]
[WhiteTitle "WIM"]
[WhiteElo "2256"]
[BlackElo "1889"]
[WhiteTeam "Team Pelaro Alingsas"]
[BlackTeam "St Benildus"]
[WhiteFideId "1708830"]
[BlackFideId "2500965"]
[EventDate "2021.09.18"]
[EventType "team"]

1. e4 c5 2. Nf3 a6 3. c4 Nc6 4. d4 cxd4 5. Nxd4 Nf6 6. Nc3 d6 7. Be2 e6 8. O-O
Be7 9. Be3 O-O 10. Nc2 Qc7 11. Rc1 Ne5 12. b3 b5 13. f4 Ned7 14. Bf3 Bb7 15. Qe2
bxc4 16. bxc4 Nc5 17. Bf2 Rac8 18. Kh1 Rfe8 19. Bg3 Red8 20. Rce1 Qa5 21. Qe3
Rd7 22. Nd4 Na4 23. Nxa4 Qxa4 24. e5 Ne8 25. Bxb7 Rxb7 26. f5 dxe5 27. fxe6 f6
28. Qf3 Rbc7 29. Bxe5 Rxc4 30. Nf5 Bb4 31. Rd1 Qc6 32. Qxc6 R4xc6 33. Nd4 fxe5
34. Nxc6 Rxc6 35. Rb1 Bf8 36. e7 Bxe7 37. Rb8 Bf6 38. Rxe8+ Kf7 39. Rxe5 Rc2 40.
Ra5 Rc6 41. g3 Ke6 42. Kg2 Rd6 43. Rb1 Bc3 44. Ra3 Bd2 45. Rf3 a5 46. Rb7 Bh6
47. Ra3 Ra6 48. Rab3 Kd5 49. a4 Kc4 50. R3b5 Ra8 51. g4 Be3 52. Rc7+ Kd4 53.
Rxg7 h6 54. h4 Bd2 55. Rd7+ Kc3 56. g5 hxg5 57. hxg5 Rg8 58. Rxd2 Kxd2 59. Rxa5
Kc3 60. Rf5 1-0

[Event "36th ECC Open 2021"]
[Site "Struga MKD"]
[Date "2021.09.22"]
[Round "5.19"]
[Board "4"]
[White "Burke, Kevin A."]
[Black "Rasti, Arvin"]
[Result "1/2-1/2"]
[WhiteElo "1883"]
[BlackElo "2219"]
[WhiteTeam "St Benildus"]
[BlackTeam "Team Pelaro Alingsas"]
[WhiteFideId "2501520"]
[BlackFideId "1741160"]
[EventDate "2021.09.18"]
[EventType "team"]

1. e4 e6 2. d4 d5 3. Nc3 Nf6 4. Bg5 dxe4 5. Nxe4 Be7 6. Bxf6 gxf6 7. Qd2 f5 8.
Nc3 c6 9. Nf3 Nd7 10. O-O-O b5 11. Bd3 b4 12. Ne2 Qa5 13. Kb1 Ba6 14. Rhe1 Bxd3
15. Qxd3 Bd6 16. Ng3 O-O-O 17. Nd2 Nb6 18. Nc4 Nxc4 19. Qxc4 Kb7 20. Nf1 Qd5 21.
Ne3 Qxc4 22. Nxc4 Rhg8 23. g3 h5 24. Re3 h4 25. Rb3 Bc5 26. c3 hxg3 27. hxg3 Kc7
28. Kc2 Be7 29. cxb4 Rg4 30. f4 Rg7 31. a3 Rdg8 32. Rdd3 Rh8 1/2-1/2

[Event "36th ECC Open 2021"]
[Site "Struga MKD"]
[Date "2021.09.22"]
[Round "5.19"]
[Board "5"]
[White "Wengholm, Anders"]
[Black "Novak, Vjekoslav"]
[Result "1-0"]
[WhiteElo "2198"]
[BlackElo "1721"]
[WhiteTeam "Team Pelaro Alingsas"]
[BlackTeam "St Benildus"]
[WhiteFideId "1704818"]
[BlackFideId "14511584"]
[EventDate "2021.09.18"]
[EventType "team"]

1. Nf3 f5 2. c4 Nf6 3. g3 b6 4. Bg2 Bb7 5. O-O e6 6. Nc3 Bb4 7. Qc2 O-O 8. a3
Bxc3 9. Qxc3 d6 10. b4 Nbd7 11. Bb2 Qe7 12. d3 h6 13. Rae1 Qf7 14. Ne5 Nxe5 15.
Bxb7 Rad8 16. Bg2 Rd7 17. f4 Neg4 18. e3 Nxh2 19. Kxh2 Ng4+ 20. Kg1 Qh5 21. Rf3
Rf6 22. e4 fxe4 23. Rxe4 Rdf7 24. d4 e5 25. dxe5 dxe5 26. Rxe5 Qh2+ 27. Kf1 Nxe5
28. Qxe5 Rd6 29. Qe2 Rfd7 30. Qe8+ Kh7 31. Rd3 h5 32. Be4+ Rg6 33. Qxg6+ 1-0